Representing Victims of Sexual and Spousal Abuse

Detalles Bibliográficos
Autor principal: Des Rosiers, Nathalie
Otros Autores: Langevin, Louise
Formato: eBook
Lenguaje:inglés
Publicado: Toronto: Irwin Law Inc., 2002
Materias:
Acceso en línea:Acceso restringido

MARC

LEADER 00000nam a22000007a 4500
005 20210901213244.0
007 cr|||| ||||
008 210901s2002 ca |||||s|||| 00||0 eng d
020 |a 9781459313866 
035 |a 35330 
040 |a vLex 
090 |c 12192  |d 12192 
100 1 |a Des Rosiers, Nathalie 
245 1 0 |a Representing Victims of Sexual and Spousal Abuse  |h [Recurso electrn̤ico] /  |c Nathalie Des Rosiers, Louise Langevin 
256 |a Servicio en ln̕ea 
260 |a Toronto:  |b Irwin Law Inc.,  |c 2002 
300 |a 1 recurso electrn̤ico 
500 |a In recent years, victims of sexual and spousal abuse in Canada have been turning increasingly to civil courts to demand compensation for their loss and suffering. In the context of growing public awareness and denunciation of violence against women and children, the law must be able to meet the demands of these victims. Originally published in French, this new and updated translation identifies and addresses the issues that are raised by the recent emergence of recourse to civil litigation by victims of sexual and spousal abuse. It outlines an egalitatian approach to the legal system, one that takes into account the unique needs of women and children. This work analyzes the conditions necessary to bring an action in civil liability for sexual and spousal abuse. It describes the remedies available within the Quebec Civil Code, as well as providing an analysis of Canadian Common Law jurisprudence on this issue. Finally, the book will also be of interest to jurists in civil law jurisdictions outside Canada and to scholars interested in comparative law. 
506 1 |a Disponible solo en los productos indicados  |d vLex Global  |d vLex Global (Academic Edition, excluding Law Schools)  |d vLex Global (U.S. Academic Edition, Law Schools)  |d vLex Global (U.S. Academic Edition, excluding Law Schools)  |d vLex Global (Academic Edition, Law Schools) 
650 0 4 |a Derecho Civil  |z Canad̀ 
700 1 |a Langevin, Louise 
740 0 |a vLex Libros (Servicio en ln̕ea) 
856 4 0 |u https://app.vlex.com/#/sources/35330  |z Acceso restringido 
942 |c BOOK 
999 0 |a Civil Law